[Event "XXXIII Festival A"]
[Site "Arco ITA"]
[Date "2011.10.28"]
[Round "7"]
[White "De Polzer, Manfredi"]
[Black "Bruno, Elio"]
[Result "1-0"]
[WhiteElo "1706"]
[BlackElo "1641"]
[PlyCount "59"]
[EventDate "2011.10.22"]

1. e4 c5 2. Nf3 d6 3. Bc4 Nf6 4. Nc3 e6 5. d4 cxd4 6. Nxd4 a6 7. O-O Be7 8. f4
O-O 9. Kh1 b5 10. Bd3 Bb7 11. Qf3 Nbd7 12. Re1 Nc5 13. Bf1 b4 14. Nd1 Bxe4 15.
Rxe4 Nfxe4 16. Be3 Qc7 17. b3 d5 18. a4 Bd6 19. Rc1 Nc3 20. Nxc3 bxc3 21. g3
Rab8 22. Kg2 Ne4 23. Bxa6 Nd2 24. Qe2 Bb4 25. Bb5 g6 26. Nc6 Ra8 27. Nxb4 e5
28. Bc6 Rad8 29. Nxd5 Kg7 30. Nxc7 1-0

[Event "XXXIII Festival A"]
[Site "Arco ITA"]
[Date "2011.10.28"]
[Round "7"]
[White "De Sio, Francesco"]
[Black "Roessner, Uwe"]
[Result "1/2-1/2"]
[WhiteElo "1811"]
[BlackElo "1909"]
[PlyCount "25"]
[EventDate "2011.10.22"]

1. e4 d6 2. d4 Nf6 3. Nc3 e5 4. Nf3 exd4 5. Nxd4 Be7 6. Bd3 O-O 7. O-O Nc6 8.
Nf3 Bg4 9. Be3 Ne5 10. Be2 Bxf3 11. Bxf3 Nxf3+ 12. Qxf3 Nd7 13. Nd5 1/2-1/2

[Event "XXXIII Festival A"]
[Site "Arco ITA"]
[Date "2011.10.28"]
[Round "7"]
[White "Del Monaco, Andrea"]
[Black "Kierzek, Matthias"]
[Result "1/2-1/2"]
[WhiteElo "2315"]
[BlackElo "2152"]
[PlyCount "83"]
[EventDate "2011.10.22"]

1. e4 c6 2. d4 d5 3. Nd2 dxe4 4. Nxe4 Bf5 5. Ng3 Bg6 6. h4 h6 7. Nf3 Nd7 8. h5
Bh7 9. Bd3 Bxd3 10. Qxd3 e6 11. Bd2 Ngf6 12. O-O-O Be7 13. Qe2 O-O 14. Nf1 Nb6
15. Kb1 Qd5 16. Ne3 Qe4 17. Rh4 Qh7 18. Ng4 Nbd5 19. Nge5 c5 20. Re1 cxd4 21.
Ng6 fxg6 22. Qxe6+ Kh8 23. hxg6 Qxg6 24. Ne5 Qh7 25. Reh1 Rac8 26. Bxh6 Qxc2+
27. Ka1 gxh6 28. Rxh6+ Kg7 29. Rg6+ Qxg6 30. Nxg6 Kxg6 31. g4 Bb4 32. Qf5+ Kg7
33. g5 Bd2 34. gxf6+ Nxf6 35. Rg1+ Kf7 36. Qd3 Rg8 37. Rd1 Bg5 38. Qxd4 Rgd8
39. Qxd8 Rxd8 40. Rxd8 Bf4 41. Kb1 a6 42. Kc2 1/2-1/2

[Event "XXXIII Festival A"]
[Site "Arco ITA"]
[Date "2011.10.28"]
[Round "7"]
[White "Dittmar, Peter"]
[Black "Knors, Rudi"]
[Result "1-0"]
[WhiteElo "2305"]
[BlackElo "2125"]
[PlyCount "87"]
[EventDate "2011.10.22"]

1. d4 d5 2. c4 c6 3. cxd5 cxd5 4. Nc3 Nf6 5. Bf4 Nc6 6. e3 a6 7. Bd3 Bg4 8. f3
Bd7 9. Nge2 e6 10. g4 Bb4 11. Rc1 Ba5 12. Ng3 h5 13. g5 Ng8 14. h4 g6 15. Kf2
Nge7 16. a3 b5 17. b4 Bb6 18. Nce2 Rc8 19. Bd6 Bc7 20. Bxc7 Rxc7 21. f4 Nc8 22.
Rc5 N6e7 23. Qc2 Bc6 24. e4 Nb6 25. f5 Nc4 26. f6 Nc8 27. e5 Qd7 28. Ra1 N8b6
29. Nf4 Rg8 30. Nxg6 fxg6 31. Bxg6+ Kd8 32. Bxh5 Na4 33. g6 Nxc5 34. bxc5 Nxe5
35. dxe5 d4 36. f7 Rf8 37. Qd3 Qd5 38. Rd1 Rd7 39. Ke1 Qxe5+ 40. Be2 Bd5 41.
Nh5 Rdxf7 42. gxf7 Rxf7 43. Qxd4 Qf5 44. Ng7 1-0

[Event "XXXIII Festival A"]
[Site "Arco ITA"]
[Date "2011.10.28"]
[Round "7"]
[White "Ebeling, Jens"]
[Black "Bozzao, Francesco"]
[Result "1-0"]
[WhiteElo "2019"]
[BlackElo "1830"]
[PlyCount "41"]
[EventDate "2011.10.22"]

1. e4 c5 2. Nc3 a6 3. f4 b5 4. Nf3 e6 5. Be2 Bb7 6. d3 Nf6 7. O-O d5 8. e5 d4
9. exf6 dxc3 10. bxc3 gxf6 11. Qe1 Nd7 12. Qg3 Qc7 13. Be3 Bh6 14. Qh4 Bg7 15.
Qh5 O-O 16. f5 exf5 17. Nh4 Ne5 18. Nxf5 Rfe8 19. Bf4 Qb6 20. Bh6 Bf8 21. Bxf8
1-0

[Event "XXXIII Festival A"]
[Site "Arco ITA"]
[Date "2011.10.28"]
[Round "7"]
[White "Giuriato, Sergio"]
[Black "Huss, Rolf"]
[Result "0-1"]
[WhiteElo "1961"]
[BlackElo "2163"]
[PlyCount "68"]
[EventDate "2011.10.22"]

1. d4 Nf6 2. c4 g6 3. Nf3 Bg7 4. g3 d6 5. Nc3 O-O 6. Bg2 c6 7. O-O Qa5 8. h3
Qa6 9. b3 b5 10. cxb5 cxb5 11. a4 b4 12. Nb5 Qb6 13. d5 a6 14. Nbd4 Nxd5 15. e4
Nc3 16. Qc2 Bxd4 17. Nxd4 Qxd4 18. Be3 Qg7 19. Qd2 Bb7 20. Bh6 Qe5 21. Rae1 Re8
22. f4 Qc5+ 23. Kh2 Nd7 24. h4 Nf6 25. f5 Ncxe4 26. Rxe4 Nxe4 27. Qf4 Qxf5 28.
Qe3 Qe5 29. Bf4 Qc3 30. Qe2 f5 31. Rf3 Qc7 32. h5 e5 33. Bh6 Nf6 34. Rd3 Ng4+
0-1

[Event "XXXIII Festival A"]
[Site "Arco ITA"]
[Date "2011.10.28"]
[Round "7"]
[White "Helbig, Dieter"]
[Black "Rizzo, Giuseppe"]
[Result "1/2-1/2"]
[WhiteElo "1877"]
[BlackElo "1732"]
[PlyCount "57"]
[EventDate "2011.10.22"]

1. c4 e5 2. Nc3 Nf6 3. g3 d5 4. cxd5 Nxd5 5. Bg2 Nb6 6. Nf3 Nc6 7. O-O Be7 8.
d3 O-O 9. h3 Be6 10. b3 Qd7 11. Kh2 Rad8 12. Bb2 f5 13. Qc1 h6 14. Ba3 Nd5 15.
Bxe7 Qxe7 16. Nh4 Qf7 17. Nxd5 Bxd5 18. Bxd5 Qxd5 19. Qc2 Rd7 20. Rad1 Nd4 21.
Qb2 Qf7 22. e3 Nc6 23. d4 exd4 24. exd4 Rfd8 25. Nf3 Qf6 26. Qc2 Nxd4 27. Nxd4
Rxd4 28. Rxd4 Qxd4 29. Qxc7 1/2-1/2

[Event "XXXIII Festival A"]
[Site "Arco ITA"]
[Date "2011.10.28"]
[Round "7"]
[White "Hilbenz, Guntram"]
[Black "Panjkovic, Aleksandar"]
[Result "0-1"]
[WhiteElo "1924"]
[BlackElo "2187"]
[PlyCount "154"]
[EventDate "2011.10.22"]

1. c4 e5 2. g3 d6 3. Bg2 f5 4. Nc3 Nf6 5. d3 Be7 6. Nf3 O-O 7. O-O c6 8. b4 Kh8
9. Rb1 Be6 10. b5 Qc8 11. Ba3 c5 12. Nd2 Nbd7 13. Nd5 Nxd5 14. Bxd5 Bxd5 15.
cxd5 Nf6 16. e4 f4 17. Kg2 Ng4 18. h3 Nh6 19. g4 Nf7 20. Nf3 g6 21. Kh2 Kg7 22.
Nd2 Rh8 23. f3 h5 24. Kg2 hxg4 25. hxg4 Qd7 26. Rh1 Rxh1 27. Qxh1 Rh8 28. Qd1
Ng5 29. Qe2 Rh3 30. Rh1 Rxh1 31. Kxh1 Qxb5 32. Kg2 Qa4 33. Nb1 Qe8 34. Kf1 b5
35. Bc1 Qh8 36. Qg2 Bd8 37. Bd2 Bb6 38. Be1 Kf7 39. Na3 a6 40. Bd2 Ke8 41. Be1
Kd7 42. Bd2 Kc8 43. Be1 Kb7 44. Bd2 Bd8 45. Be1 Kb6 46. Ke2 a5 47. Kd1 Qh3 48.
Qxh3 Nxh3 49. Ke2 a4 50. Kf1 Ka6 51. Kg2 Ng5 52. Bf2 Nf7 53. Kf1 Ba5 54. Ke2
Bc3 55. Bh4 Bb2 56. Nb1 b4 57. Kd1 Bd4 58. Kc2 Be3 59. Be7 Kb5 60. a3 c4 61.
dxc4+ Kxc4 62. axb4 Kxb4 63. Nc3 a3 64. Na2+ Kc4 65. Nc3 Bd4 66. Na2 Bb6 67.
Bh4 Ba5 68. Nc1 Bc3 69. Na2 Bd4 70. Nc1 Bb2 71. Na2 Bd4 72. Nc1 Bb6 73. Na2 Nd8
74. Be7 Nb7 75. Bh4 Na5 76. Be1 Nb3 77. Bc3 Ba5 0-1

[Event "XXXIII Festival A"]
[Site "Arco ITA"]
[Date "2011.10.28"]
[Round "7"]
[White "Hocke, Sebastian"]
[Black "Cavatorta, Ivan"]
[Result "1-0"]
[WhiteElo "1904"]
[BlackElo "1808"]
[PlyCount "73"]
[EventDate "2011.10.22"]

1. e4 e6 2. d4 d5 3. Nc3 Nc6 4. e5 f6 5. Bb5 Bd7 6. Nf3 Nb4 7. Bxd7+ Qxd7 8.
O-O c5 9. Be3 c4 10. Re1 Nc6 11. exf6 Nxf6 12. Bf4 h6 13. Qe2 Kf7 14. Ne5+ Nxe5
15. dxe5 Ne8 16. Rad1 Nc7 17. Qxc4 g5 18. Bg3 Rd8 19. Qg4 Qe7 20. h4 Bg7 21.
hxg5 hxg5 22. f4 Qc5+ 23. Bf2 Rh1+ 24. Kxh1 Qxf2 25. Qh5+ Ke7 26. Qxg5+ Kd7 27.
Qxg7+ Kc8 28. Qh6 Rg8 29. Rg1 Rg4 30. g3 Qf3+ 31. Kh2 Qf2+ 32. Rg2 Qf3 33. Qh8+
Kd7 34. Qh7+ Kc6 35. Qd3 Rh4+ 36. gxh4 Qxf4+ 37. Qg3 1-0

[Event "XXXIII Festival A"]
[Site "Arco ITA"]
[Date "2011.10.28"]
[Round "7"]
[White "Huemmer, Bernd"]
[Black "Gardi, Giuseppe"]
[Result "1/2-1/2"]
[WhiteElo "2218"]
[BlackElo "2028"]
[PlyCount "54"]
[EventDate "2011.10.22"]

1. c4 g6 2. Nc3 Bg7 3. g3 e5 4. Bg2 Nc6 5. d3 d6 6. Nf3 Nge7 7. O-O O-O 8. Rb1
a5 9. a3 Bd7 10. b4 axb4 11. axb4 Qc8 12. Re1 Bh3 13. Bh1 h6 14. b5 Nd8 15. Nd5
Nxd5 16. cxd5 b6 17. Bb2 Bd7 18. Bc3 Nb7 19. Qc2 Ra3 20. Bb4 Ra8 21. Bd2 Nc5
22. Qc4 Qe8 23. d4 Ra4 24. Rb4 Rxb4 25. Qxb4 exd4 26. Nxd4 Qa8 27. Bc3 Qa4
1/2-1/2

[Event "XXXIII Festival A"]
[Site "Arco ITA"]
[Date "2011.10.28"]
[Round "7"]
[White "Joerges, Frank"]
[Black "Pegoraro, Nicola"]
[Result "1/2-1/2"]
[WhiteElo "1923"]
[BlackElo "2044"]
[PlyCount "43"]
[EventDate "2011.10.22"]

1. d4 f5 2. Nf3 Nf6 3. e3 g6 4. c4 Bg7 5. Nc3 d6 6. Bd3 Nc6 7. d5 Ne5 8. Nxe5
dxe5 9. e4 O-O 10. exf5 gxf5 11. Bg5 e6 12. Qb3 e4 13. Be2 e5 14. O-O-O Kh8 15.
f3 exf3 16. gxf3 Qe8 17. Nb5 Qf7 18. d6 c6 19. Nc7 Rb8 20. Na6 Ra8 21. Nc7 Rb8
22. Na6 1/2-1/2

[Event "XXXIII Festival A"]
[Site "Arco ITA"]
[Date "2011.10.28"]
[Round "7"]
[White "Karl, Hans"]
[Black "Pipitone, Antonio"]
[Result "1-0"]
[WhiteElo "2201"]
[BlackElo "1971"]
[PlyCount "61"]
[EventDate "2011.10.22"]

1. d4 Nf6 2. c4 g6 3. Nc3 Bg7 4. e4 d6 5. f3 e5 6. d5 O-O 7. Bd3 Nh5 8. Nge2
Na6 9. Be3 Nc5 10. Bc2 b6 11. Qd2 a5 12. g4 Nf6 13. Ng3 a4 14. h4 Ba6 15. b4
axb3 16. axb3 Bb7 17. Rxa8 Bxa8 18. h5 Qd7 19. Bh6 Bb7 20. Nf5 Ne8 21. Bxg7
Nxg7 22. h6 Nxf5 23. exf5 Qe7 24. b4 Nd7 25. Ne4 Re8 26. fxg6 fxg6 27. Qg5 Qxg5
28. Nxg5 Nf8 29. Kd2 c6 30. Ne4 Rd8 31. Ra1 1-0

[Event "XXXIII Festival A"]
[Site "Arco ITA"]
[Date "2011.10.28"]
[Round "7"]
[White "Kierzek, Mira"]
[Black "Fusari, Paolo"]
[Result "1-0"]
[WhiteElo "2023"]
[BlackElo "1897"]
[PlyCount "141"]
[EventDate "2011.10.22"]

1. Nf3 f5 2. g3 Nf6 3. Bg2 g6 4. c4 Bg7 5. Nc3 O-O 6. O-O d6 7. d4 Na6 8. Rb1
c5 9. e3 Rb8 10. b3 Bd7 11. Bb2 Nc7 12. Qc2 b5 13. cxb5 Nxb5 14. dxc5 Nxc3 15.
Bxc3 Bc6 16. Rbd1 Qc8 17. Bxf6 Bxf6 18. cxd6 exd6 19. Rxd6 Bxf3 20. Qxc8 Rbxc8
21. Bxf3 Rc2 22. Ra6 f4 23. Rxa7 fxe3 24. fxe3 Rd2 25. Rf2 Rd3 26. Ra8 Rxa8 27.
Bxa8 Bg5 28. Re2 Bxe3+ 29. Kg2 Bd4 30. Bd5+ Kf8 31. Bc4 Rd1 32. a4 Bc3 33. Rf2+
Kg7 34. h3 h5 35. g4 h4 36. Rf3 Bb4 37. Kf2 Kh6 38. Ke2 Rd2+ 39. Ke3 Kg5 40.
Rf7 Rh2 41. Rf3 Rd2 42. Ke4 Ba5 43. Ke5 Bb4 44. Bd5 Bc5 45. Ke6 Bb4 46. Bc4
Rd6+ 47. Ke5 Rd1 48. Bd3 Rg1 49. Be4 Rd1 50. Rd3 Rb1 51. Kd4 Rc1 52. Rf3 Bc5+
53. Kd5 Be7 54. Ke5 Bb4 55. Bd5 Rc3 56. Rxc3 Bxc3+ 57. Ke4 Bb4 58. Bf7 Kf6 59.
Be8 g5 60. Bc6 Ba5 61. Kd4 Bd2 62. Kc4 Ke5 63. b4 Kd6 64. Bg2 Kc7 65. a5 Kb8
66. Kb3 Ka7 67. Ka4 Ka6 68. b5+ Ka7 69. b6+ Ka6 70. Bf1+ Kb7 71. Kb5 1-0

[Event "XXXIII Festival A"]
[Site "Arco ITA"]
[Date "2011.10.28"]
[Round "7"]
[White "Knitl, Anton"]
[Black "Ager, Josef"]
[Result "1/2-1/2"]
[WhiteElo "2188"]
[BlackElo "2190"]
[PlyCount "61"]
[EventDate "2011.10.22"]

1. d4 Nf6 2. Nf3 d6 3. c4 c6 4. Nc3 Nbd7 5. e4 e5 6. d5 Be7 7. Be2 O-O 8. O-O
Nc5 9. Qc2 a5 10. Be3 Na6 11. a3 c5 12. Ne1 Ng4 13. Bxg4 Bxg4 14. f3 Bd7 15.
Nd3 Bg5 16. Bf2 g6 17. Nb5 Qe7 18. Rae1 Bh6 19. Bg3 f5 20. Nc3 f4 21. Bf2 b6
22. Rb1 Rac8 23. Na4 Rb8 24. b4 Qe8 25. Nc3 axb4 26. axb4 Bg5 27. bxc5 bxc5 28.
Rxb8 Qxb8 29. Rb1 Qc8 30. Qa2 Nc7 31. Qa7 1/2-1/2

[Event "XXXIII Festival A"]
[Site "Arco ITA"]
[Date "2011.10.28"]
[Round "7"]
[White "Lezzerini, Marco"]
[Black "Viviani, Alessio"]
[Result "1-0"]
[WhiteElo "1797"]
[BlackElo "2021"]
[PlyCount "45"]
[EventDate "2011.10.22"]

1. c4 e5 2. g3 Nf6 3. Bg2 d5 4. cxd5 Nxd5 5. Nc3 Nb6 6. Nf3 Nc6 7. O-O Be7 8.
a3 O-O 9. b4 Be6 10. Rb1 f6 11. d3 Nd5 12. Ne4 Qd7 13. Qc2 a5 14. b5 Na7 15. d4
Nxb5 16. dxe5 f5 17. Neg5 Bxg5 18. Nxg5 Ndc3 19. Rxb5 Nxb5 20. Rd1 Qxd1+ 21.
Qxd1 Rad8 22. Qa4 Nc3 23. Qc2 1-0

[Event "XXXIII Festival A"]
[Site "Arco ITA"]
[Date "2011.10.28"]
[Round "7"]
[White "Londers, Jan"]
[Black "Bevilacqua, Maurizio"]
[Result "1/2-1/2"]
[WhiteElo "1891"]
[BlackElo "2147"]
[PlyCount "57"]
[EventDate "2011.10.22"]

1. e4 c5 2. Nf3 d6 3. d4 cxd4 4. Nxd4 Nf6 5. Nc3 a6 6. Bg5 e6 7. f4 Qc7 8. Qf3
Nbd7 9. O-O-O b5 10. e5 Bb7 11. Qh3 dxe5 12. Nxe6 fxe6 13. Qxe6+ Be7 14. Bxf6
gxf6 15. Bxb5 axb5 16. Nxb5 Qc6 17. Nd6+ Kd8 18. Nxb7+ Qxb7 19. Rxd7+ Qxd7 20.
Rd1 Ra7 21. Rxd7+ Rxd7 22. fxe5 f5 23. Qb6+ Ke8 24. b4 Bg5+ 25. Kb2 Ke7 26.
Qc5+ Ke6 27. Qc6+ Ke7 28. Qc5+ Ke6 29. Qc6+ 1/2-1/2

[Event "XXXIII Festival A"]
[Site "Arco ITA"]
[Date "2011.10.28"]
[Round "7"]
[White "Lupini, Stefano"]
[Black "Iacchetti, Giovanni"]
[Result "1/2-1/2"]
[WhiteElo "1921"]
[BlackElo "1814"]
[PlyCount "81"]
[EventDate "2011.10.22"]

1. d4 g6 2. c4 Bg7 3. Nc3 c6 4. e4 d6 5. Nf3 a6 6. Be2 b5 7. O-O Nd7 8. a3 Ngf6
9. h3 e5 10. dxe5 Nxe5 11. Nxe5 dxe5 12. Qxd8+ Kxd8 13. Rd1+ Kc7 14. Be3 Be6
15. cxb5 axb5 16. Rac1 Kb7 17. Rd2 Rhd8 18. Rcd1 Rxd2 19. Rxd2 Nd7 20. g4 Bf8
21. Kg2 Be7 22. Nd1 Rd8 23. Kg3 f5 24. exf5 gxf5 25. gxf5 Rg8+ 26. Kh2 Bxf5 27.
Bg4 Bxg4 28. hxg4 Nf6 29. f3 Nd5 30. Bf2 Kc7 31. Bg3 Bd6 32. Re2 Re8 33. Nf2
Rf8 34. Kg2 Nf4+ 35. Bxf4 exf4 36. Nd3 Kd7 37. Re4 Re8 38. Kf2 Rxe4 39. fxe4 c5
40. Kf3 c4 41. Nf2 1/2-1/2

[Event "XXXIII Festival A"]
[Site "Arco ITA"]
[Date "2011.10.28"]
[Round "7"]
[White "Martinez, Guido"]
[Black "Galas, Franco"]
[Result "0-1"]
[WhiteElo "1912"]
[BlackElo "1749"]
[PlyCount "74"]
[EventDate "2011.10.22"]

1. e4 e6 2. d4 d6 3. Nc3 g6 4. Nf3 Bg7 5. Be3 Ne7 6. Qd2 Nd7 7. Bc4 a6 8. Bb3
c6 9. d5 cxd5 10. exd5 e5 11. O-O Nf5 12. Ne4 O-O 13. Qb4 Nf6 14. Bb6 Qe7 15.
Nxf6+ Qxf6 16. Nd2 h5 17. Bc7 Re8 18. Qb6 e4 19. Rae1 Qd4 20. Qxd4 Bxd4 21.
Nxe4 Bd7 22. c3 Be5 23. f4 Bg7 24. Nxd6 Nxd6 25. Bxd6 Rec8 26. Re7 Bb5 27. c4
Bxc4 28. Bxc4 Rxc4 29. Be5 b5 30. d6 Bf8 31. Rb7 f6 32. Bxf6 Bxd6 33. Rd1 Bxf4
34. Rg7+ Kf8 35. g3 Rc1 36. Rxc1 Bxc1 37. Rxg6 Kf7 0-1

[Event "XXXIII Festival A"]
[Site "Arco ITA"]
[Date "2011.10.28"]
[Round "7"]
[White "Mastroddi, Giuseppe"]
[Black "Mircoli, Filippo"]
[Result "1/2-1/2"]
[WhiteElo "1710"]
[BlackElo "1747"]
[PlyCount "59"]
[EventDate "2011.10.22"]

1. d4 e6 2. Nf3 Nf6 3. e3 d5 4. Bd3 c5 5. b3 b6 6. O-O Nbd7 7. Bb2 Be7 8. Nbd2
Bb7 9. Ne5 O-O 10. f4 Ne4 11. Ndf3 f5 12. Nxd7 Qxd7 13. Ne5 Qe8 14. Rf3 b5 15.
Rh3 Bf6 16. a4 bxa4 17. Rxa4 c4 18. Bxe4 fxe4 19. Qh5 Qxh5 20. Rxh5 g6 21. Rh3
Bxe5 22. dxe5 cxb3 23. cxb3 Rfc8 24. Ra1 Rc2 25. Bd4 a6 26. b4 Bc6 27. g4 Bb5
28. Rg3 Rac8 29. Bc5 Kf7 30. Rg2 1/2-1/2

[Event "XXXIII Festival A"]
[Site "Arco ITA"]
[Date "2011.10.28"]
[Round "7"]
[White "Menon, Michele"]
[Black "Falasca, Valerio"]
[Result "1/2-1/2"]
[WhiteElo "1776"]
[BlackElo "1593"]
[PlyCount "39"]
[EventDate "2011.10.22"]

1. Nf3 Nf6 2. c4 g6 3. Nc3 Bg7 4. g3 O-O 5. Bg2 d6 6. O-O e5 7. d3 Nc6 8. Rb1
a5 9. a3 Bd7 10. b4 axb4 11. axb4 Qc8 12. Bg5 Ne7 13. Re1 h6 14. Bd2 Bh3 15.
Bh1 Ng4 16. e4 f5 17. c5 dxc5 18. bxc5 c6 19. Qb3+ Rf7 20. Bg2 1/2-1/2

[Event "XXXIII Festival A"]
[Site "Arco ITA"]
[Date "2011.10.28"]
[Round "7"]
[White "Nicolodi, Raoul"]
[Black "Buglisi, Massimo"]
[Result "1/2-1/2"]
[WhiteElo "1983"]
[BlackElo "1887"]
[PlyCount "82"]
[EventDate "2011.10.22"]

1. Nf3 Nf6 2. g3 g6 3. b4 Bg7 4. Bb2 O-O 5. Bg2 d6 6. O-O e5 7. d3 h6 8. c4 c6
9. Nc3 Be6 10. b5 Nbd7 11. Nd2 d5 12. Rb1 Qc7 13. Qb3 Rfd8 14. cxd5 cxd5 15.
Rfc1 Qb6 16. Na4 Qd6 17. Ba3 Qb8 18. Nc5 Nxc5 19. Bxc5 Rd7 20. Rc2 Qd8 21. Rbc1
Bf8 22. Qb4 b6 23. Bxf8 Qxf8 24. Qxf8+ Kxf8 25. Nf3 e4 26. Ne5 Rdd8 27. Rc7
Rac8 28. Kf1 Rxc7 29. Rxc7 Rc8 30. Rc6 Ng4 31. Nxg4 Bxg4 32. Rxc8+ Bxc8 33.
dxe4 dxe4 34. Bxe4 Ke7 35. Ke1 Kd6 36. Bc6 Be6 37. a3 Kc5 38. Kd2 g5 39. Kc3
Bc4 40. e4 Bxb5 41. Bd5 Bc6 1/2-1/2

[Event "XXXIII Festival A"]
[Site "Arco ITA"]
[Date "2011.10.28"]
[Round "7"]
[White "Qendro, Llambi"]
[Black "Milazzo, Mario"]
[Result "1-0"]
[WhiteElo "2342"]
[BlackElo "2077"]
[PlyCount "85"]
[EventDate "2011.10.22"]

1. d4 f5 2. Nf3 Nf6 3. g3 g6 4. Bg2 Bg7 5. O-O O-O 6. c4 d6 7. Nc3 Qe8 8. d5 a5
9. Be3 Na6 10. Qd2 Bd7 11. Bh6 Nc5 12. Bxg7 Kxg7 13. Nd4 Qf7 14. Nb3 Nxb3 15.
axb3 b6 16. Rae1 Rae8 17. e4 fxe4 18. Nxe4 Nxe4 19. Rxe4 e5 20. dxe6 Bxe6 21.
Rf4 Qd7 22. Qd4+ Kg8 23. Rxf8+ Rxf8 24. h4 Qg7 25. Qd2 Bf7 26. Bc6 Be8 27. Bd5+
Bf7 28. Bc6 Be8 29. Bg2 Bf7 30. Re1 Re8 31. Rxe8+ Bxe8 32. Qg5 Kf8 33. Bd5 Qe5
34. Qh6+ Qg7 35. Qf4+ Ke7 36. Qg5+ Kf8 37. Qd2 c6 38. Bxc6 Bxc6 39. Qxd6+ Qe7
40. Qxc6 Qb4 41. Qf3+ Kg8 42. Kg2 a4 43. Qa8+ 1-0

[Event "XXXIII Festival A"]
[Site "Arco ITA"]
[Date "2011.10.28"]
[Round "7"]
[White "Romanishin, Oleg M."]
[Black "Medancic, Rikard"]
[Result "1-0"]
[WhiteElo "2537"]
[BlackElo "2266"]
[PlyCount "87"]
[EventDate "2011.10.22"]

1. d4 d5 2. Nf3 Bf5 3. c4 e6 4. Bg5 Be7 5. Bxe7 Nxe7 6. Nc3 c6 7. Nh4 Bg4 8. h3
Bh5 9. g4 Bg6 10. e3 Nd7 11. Nxg6 hxg6 12. Bd3 Qa5 13. Qd2 Nf6 14. g5 Nd7 15.
O-O-O O-O-O 16. f4 Rh4 17. Qe1 Rdh8 18. Nxd5 Qxe1 19. Nxe7+ Kd8 20. Nxc6+ bxc6
21. Rdxe1 Rxh3 22. Rxh3 Rxh3 23. Kd2 c5 24. dxc5 Nxc5 25. b4 Nd7 26. a4 a5 27.
bxa5 Nc5 28. Rb1 Kc7 29. Rb5 Kc6 30. a6 Rh2+ 31. Kc3 Nxa6 32. Be4+ Kd7 33. Rb7+
Nc7 34. Rb6 Re2 35. Bc6+ Kc8 36. Kd3 Ra2 37. c5 f6 38. Bb7+ Kd8 39. Rd6+ Ke7
40. Bc8 Ra3+ 41. Kd2 Ra2+ 42. Kc1 Ne8 43. Rxe6+ Kd8 44. Ba6 1-0

[Event "XXXIII Festival A"]
[Site "Arco ITA"]
[Date "2011.10.28"]
[Round "7"]
[White "Salati, Paolo"]
[Black "Beltrami, Nerio"]
[Result "1/2-1/2"]
[WhiteElo "1865"]
[BlackElo "1961"]
[PlyCount "38"]
[EventDate "2011.10.22"]

1. e4 d6 2. d4 Nf6 3. Nc3 g6 4. Nf3 Bg7 5. Be2 O-O 6. O-O c6 7. Re1 Nbd7 8. Bg5
h6 9. Bh4 e5 10. dxe5 dxe5 11. Qd2 Qc7 12. Rad1 g5 13. Bg3 Nh5 14. Nxe5 Nxg3
15. Nxd7 Nxe2+ 16. Rxe2 Bxd7 17. Qxd7 Qxd7 18. Rxd7 Bxc3 19. bxc3 b6 1/2-1/2

[Event "XXXIII Festival A"]
[Site "Arco ITA"]
[Date "2011.10.28"]
[Round "7"]
[White "Sigillo, Carmelo"]
[Black "Trimarchi, Giuseppe"]
[Result "0-1"]
[WhiteElo "1773"]
[BlackElo "1923"]
[PlyCount "65"]
[EventDate "2011.10.22"]

1. e4 e5 2. Nf3 Nc6 3. Bb5 a6 4. Ba4 Nf6 5. O-O Be7 6. Re1 b5 7. Bb3 d6 8. h3
Na5 9. c3 Nxb3 10. axb3 c5 11. d3 O-O 12. Nbd2 Qc7 13. Nf1 Re8 14. Bg5 Nd7 15.
Ne3 Nb6 16. Bh4 f6 17. g4 Be6 18. Bg3 d5 19. Rc1 Red8 20. Qc2 dxe4 21. dxe4 c4
22. bxc4 bxc4 23. Nd4 Bf7 24. Rcd1 Qb7 25. Ndf5 Bf8 26. f4 g6 27. Nh4 exf4 28.
Bxf4 g5 29. Bg3 gxh4 30. Bxh4 Qc6 31. Nf5 Rxd1 32. Rxd1 Bg6 33. Qf2 0-1

[Event "XXXIII Festival A"]
[Site "Arco ITA"]
[Date "2011.10.28"]
[Round "7"]
[White "Stella, Andrea"]
[Black "Valsecchi, Alessio"]
[Result "1/2-1/2"]
[WhiteElo "2447"]
[BlackElo "2338"]
[PlyCount "30"]
[EventDate "2011.10.22"]

1. d4 d5 2. Nc3 Nf6 3. Bf4 e6 4. e3 Bd6 5. Bxd6 Qxd6 6. Nf3 O-O 7. Bd3 b6 8.
O-O Ba6 9. Bxa6 Nxa6 10. Qe2 Nb8 11. Ne5 a6 12. a4 Nbd7 13. f4 Ne4 14. Nxd7
Qxd7 15. Nxe4 dxe4 1/2-1/2

[Event "XXXIII Festival A"]
[Site "Arco ITA"]
[Date "2011.10.28"]
[Round "7"]
[White "Valenti, Giuseppe"]
[Black "Perich, Stefano"]
[Result "1-0"]
[WhiteElo "2136"]
[BlackElo "1931"]
[PlyCount "115"]
[EventDate "2011.10.22"]

1. e4 d6 2. d4 Nf6 3. Nc3 g6 4. Nf3 Bg7 5. h3 c6 6. a4 Qc7 7. Bg5 Nbd7 8. Qd2
e5 9. Be2 O-O 10. dxe5 dxe5 11. O-O Nc5 12. Qe3 Ne6 13. Bh6 Nh5 14. Bxg7 Kxg7
15. Rfd1 Nef4 16. Bf1 h6 17. Kh2 g5 18. g3 Ng6 19. Be2 Nf6 20. Qc5 Qb6 21. Qxb6
axb6 22. Nd2 Be6 23. Bc4 Bxc4 24. Nxc4 Ra6 25. Nd6 Ra7 26. Nf5+ Kh7 27. Rd6 Ne8
28. Rd7 Nf6 29. Rd6 Ne8 30. Rd8 Nf6 31. Rad1 Ra8 32. R8d6 Ne8 33. Rd7 Rb8 34.
Rd8 Nf6 35. Rxb8 Rxb8 36. Rd6 Ne8 37. Rd7 Nh8 38. Nd1 Nf6 39. Rd6 Nxe4 40.
Rxh6+ Kg8 41. Nd6 Kg7 42. Rxh8 Rxh8 43. Nxe4 g4 44. h4 Rd8 45. Ne3 Kg6 46. Nxg4
Rd4 47. Ngf6 Rxa4 48. h5+ Kg7 49. g4 Ra2 50. g5 Ra8 51. h6+ Kg6 52. h7 Rd8 53.
Kg3 Kg7 54. Kg4 Kg6 55. Nd6 Kg7 56. Nf5+ Kh8 57. Nh6 Kg7 58. Kf5 1-0

[Event "XXXIII Festival A"]
[Site "Arco ITA"]
[Date "2011.10.28"]
[Round "7"]
[White "Vezzosi, Paolo"]
[Black "La Manna, Andrea"]
[Result "1/2-1/2"]
[WhiteElo "2351"]
[BlackElo "2189"]
[PlyCount "107"]
[EventDate "2011.10.22"]

1. e4 d5 2. exd5 Qxd5 3. Nf3 Nf6 4. d4 Bg4 5. Be2 Nc6 6. c4 Qh5 7. Be3 O-O-O 8.
Nbd2 e5 9. d5 Nd4 10. Nxd4 exd4 11. Bxd4 Bb4 12. f3 Rde8 13. O-O Qg5 14. fxg4
Bxd2 15. Rf5 Qh6 16. g5 Bxg5 17. Bf3 Bf4 18. g3 Be3+ 19. Kg2 Bxd4 20. Qxd4 Qe3
21. Rd1 Rhf8 22. c5 Qxd4 23. Rxd4 Nd7 24. c6 bxc6 25. dxc6 Ne5 26. Be2 Re6 27.
Ba6+ Kb8 28. Rb4+ Ka8 29. Bb7+ Kb8 30. Ba6+ Ka8 31. Rf2 Rd8 32. Rc2 Red6 33.
Rc5 f6 34. Bb7+ Kb8 35. Ba6+ Ka8 36. Rcb5 Rd2+ 37. Kh3 R2d5 38. Bb7+ Kb8 39.
Ba6+ Ka8 40. Rxd5 Rxd5 41. a4 Rd2 42. Rb7 g5 43. g4 Nxc6 44. Rxc7 Rd6 45. Rxh7
Nd8 46. Bb5 Ne6 47. Rd7 Nf4+ 48. Kg3 Rb6 49. b3 Re6 50. Kf3 Ng6 51. Rd8+ Kb7
52. Re8 Ne5+ 53. Kg3 Rd6 54. h3 1/2-1/2

[Event "XXXIII Festival A"]
[Site "Arco ITA"]
[Date "2011.10.28"]
[Round "7"]
[White "Von Wantoch, Markus"]
[Black "Bonanzinga, Corrado"]
[Result "1-0"]
[WhiteElo "1923"]
[BlackElo "2136"]
[PlyCount "87"]
[EventDate "2011.10.22"]

1. e4 e5 2. Nc3 Nf6 3. Bc4 Bc5 4. d3 Nc6 5. Bg5 h6 6. Bh4 d6 7. Nf3 Bg4 8. h3
Bd7 9. Nd5 g5 10. Nxg5 Nxd5 11. Qh5 Qf6 12. Nf3 Qg6 13. Qxg6 fxg6 14. Bxd5 g5
15. Bg3 Ne7 16. Bb3 Ng6 17. O-O-O Rf8 18. d4 exd4 19. Nxd4 Nf4 20. Bxf4 Rxf4
21. f3 Bxd4 22. Rxd4 O-O-O 23. c3 h5 24. Rd5 g4 25. Rxh5 gxh3 26. gxh3 Rxf3 27.
h4 Re8 28. Re1 Bc6 29. e5 dxe5 30. Rhxe5 Rd8 31. R5e3 Rf2 32. R3e2 Rf4 33. Rh2
Be4 34. h5 Rh8 35. h6 Kd7 36. Rg1 Ke7 37. Rg7+ Kf6 38. Rxc7 Rf1+ 39. Bd1 Bf3
40. Rd7 Bg4 41. Rd4 Bf5 42. Kd2 Kg5 43. Be2 Rb1 44. Rh5+ 1-0

[Event "XXXIII Festival A"]
[Site "Arco ITA"]
[Date "2011.10.28"]
[Round "7"]
[White "Webel, Jannik"]
[Black "Schaberg, Wolfgang"]
[Result "1/2-1/2"]
[WhiteElo "1776"]
[BlackElo "1880"]
[PlyCount "35"]
[EventDate "2011.10.22"]

1. d4 Nf6 2. c4 e6 3. Nc3 Bb4 4. e3 b6 5. Nge2 Bb7 6. a3 Be7 7. Ng3 d5 8. cxd5
exd5 9. Bd3 Nbd7 10. Nf5 O-O 11. O-O Re8 12. Nxe7+ Qxe7 13. b4 Ne4 14. Nxe4
dxe4 15. Be2 Rad8 16. Qb3 Nf6 17. Bb2 Bd5 18. Bc4 1/2-1/2